Central Library OPAC University of Rajshahi

Mankind, nation and individual from a linguistic point of view / (Record no. 61620)

MARC details
000 -LEADER
fixed length control field 00650nam a2200217 a 4500
001 - CONTROL NUMBER
control field 61620
003 - CONTROL NUMBER IDENTIFIER
rucl marc code BD-RjUL
005 - DATE AND TIME OF LATEST TRANSACTION
control field 20211209081002.0
008 - FIXED-LENGTH DATA ELEMENTS--GENERAL INFORMATION
fixed length control field 170119r1954 enk||||| |||| 00| 0 eng d
035 ## - SYSTEM CONTROL NUMBER
System control number (BD-RjUL)61744
040 ## - CATALOGING SOURCE
Original cataloging agency BD-RjUL
Language of cataloging eng
Transcribing agency BD-RjUL
041 ## - LANGUAGE CODE
Language code of text/sound track or separate title eng
082 ## - DEWEY DECIMAL CLASSIFICATION NUMBER
Edition number 23
Classification number 400
Author mark and year JEM 1954
100 ## - MAIN ENTRY--PERSONAL NAME
Personal name Jespersen, Otto
9 (RLIN) 183571
245 ## - TITLE STATEMENT
Title Mankind, nation and individual from a linguistic point of view /
Statement of responsibility, etc. Otto Jespersen
250 ## - EDITION STATEMENT
Edition statement 1st ed.
260 ## - PUBLICATION, DISTRIBUTION, ETC. (IMPRINT)
Place of publication, distribution, etc. London :
Name of publisher, distributor, etc. George Allen & Unwin,
Date of publication, distribution, etc. c1946 [impression 1954]
300 ## - PHYSICAL DESCRIPTION
Pagination 198 p. ;
Size 20 cm.
650 ## - SUBJECT ADDED ENTRY--TOPICAL TERM
Topical term or geographic name as entry element Language and languages
9 (RLIN) 181890
942 ## - ADDED ENTRY ELEMENTS (KOHA)
Source of classification or shelving scheme Dewey Decimal Classification
Koha item type Books
Holdings
Lost status Source of classification or shelving scheme Damaged status Not for loan Collection code Permanent Location Current Location Shelving location Date acquired Source of acquisition Cost, normal purchase price Total Checkouts Full call number Date last seen Copy number Koha item type
  Dewey Decimal Classification   Not For Loan Non-fiction Central Library, University of Rajshahi Central Library, University of Rajshahi Reading Room 17/03/1964 Nowroze kitobistan 8.55   400 JEM 1954 19/01/2017 C-1 Books